000 00847nam a22003017a 4500
001 BR7703619
003 BR-BrBNA
005 20230928085333.0
007 ta
008 230509b bl.||||| |||| 00| 0 por d
040 _aBR-BrBNA
_bpor
_cBiblioteca Nacional de Agricultura
041 _a(Por)
072 _aP12
_b0810
090 _ 0810 BR7703619
100 1 _aCalegar, G.M.
100 1 _aCoelho, M.B.
245 1 _aAlgumas consideracoes economicas dos metodos de irrigacao por gotejo e por sulco na cultura do melao [Cucumis melo]
260 3 _aPetrolina, PE (Brasil):
_c1977.
300 _a11 p.
500 _aSummaries (Eng, Por)
650 _aIrrigacao
650 _aMelao
650 _aIrrigacao por gotejamento
650 _aIrrigacao por sulco
650 _aCusto
909 _a202309
_bLucia
_c55
_dLucia Elande
942 _cBK
999 _c23913
_d23913